LEADER 03431nam 2200577 450 001 9910787978703321 005 20200520144314.0 010 $a90-04-27835-4 024 7 $a10.1163/9789004278356 035 $a(CKB)2670000000566961 035 $a(SSID)ssj0001489408 035 $a(PQKBManifestationID)16478950 035 $a(PQKBTitleCode)TC0001489408 035 $a(PQKBWorkID)11457607 035 $a(PQKB)11101032 035 $a(MiAaPQ)EBC4812536 035 $a(OCoLC)884242810 035 $a(nllekb)BRILL9789004278356 035 $a(Au-PeEL)EBL4812536 035 $a(CaPaEBR)ebr11352505 035 $a(OCoLC)974594888 035 $a(PPN)184935342 035 $a(EXLCZ)992670000000566961 100 $a20170314h20142014 uy 0 101 0 $afre 135 $aurcnu|||||||| 181 $ctxt 182 $cc 183 $acr 200 12$aL'article 103 de la Charte des Nations Unies /$fRobert Kolb 210 1$a[Leiden, Netherlands] :$cAcade?mie de Droit International de la Haye,$d2014. 210 4$d©2014 215 $a1 online resource (358 pages) 225 1 $aThe Pocket Books of The Hague Academy of International Law / Les livres de poche de l'Acade?mie de droit international de La Haye ;$v23 300 $aBibliographic Level Mode of Issuance: Monograph 311 $a90-04-27836-2 320 $aIncludes bibliographical references. 327 $aPreliminary material -- Introduction -- L?Environnement Conceptuel et Historique De L?Article 103 -- Analyse De L?Article 103 : Éléments Généraux -- Analyse De L?Article 103 : Interprétation Du Texte -- L?Article 103 Entre La Hiérarchie Et Le Conflit -- Conclusion -- Bibliographie -- À Propos De L?Auteur. 330 $aAlso available as an e-book L?article 103 de la Charte des Nations Unies touche à la priorité, pour les membres de l?Organisation, des obligations en vertu de la Charte des Nations Unies par rapport aux obligations découlant de tout autre accord. Cette disposition a constamment gagné en importance dans la pratique internationale et nationale de ces dernières années. On pense évidemment à la concurrence entre les régimes de sanction des Nations Unies par rapport aux obligations contenues dans des traités de droits de l?homme. A vrai dire, cette disposition pose toutefois déjà en elle-même toute une série de questions et de problèmes d?interprétation. Que signifie avoir la primauté? Quelles sont les obligations visées? Qu?en est-il d?obligations contenues dans des textes juridiquement liés à la Charte? Qu?en est-il d?obligations issues du droit international coutumier? Et ainsi de suite. Le présent ouvrage cherche en tout premier lieu à donner des éléments d?exégèse de cette disposition importante et difficile du point de vue juridique, dans les multiples directions dans lesquelles son champ d?application est susceptible de rayonner. 410 0$aThe Pocket Books of The Hague Academy of International Law / Les livres de poche de l'Académie de droit international de La Haye$v23. 606 $aConflict of laws$vTreaties 615 0$aConflict of laws 676 $a341.232 700 $aKolb$b Robert$0267679 801 0$bMiAaPQ 801 1$bMiAaPQ 801 2$bMiAaPQ 906 $aBOOK 912 $a9910787978703321 996 $aL'article 103 de la Charte des Nations Unies$93813394 997 $aUNINA LEADER 04078nam 22007575 450 001 9910508465403321 005 20220322231053.0 010 $a9783030847746 010 $a3030847748 024 7 $a10.1007/978-3-030-84774-6 035 $a(CKB)5460000000185009 035 $a(MiAaPQ)EBC6796434 035 $a(Au-PeEL)EBL6796434 035 $a(OCoLC)1285167616 035 $a(DE-He213)978-3-030-84774-6 035 $a(EXLCZ)995460000000185009 100 $a20211030d2021 u| 0 101 0 $aeng 135 $aurcnu|||||||| 181 $ctxt$2rdacontent 182 $cc$2rdamedia 183 $acr$2rdacarrier 200 10$aRe-performance, Mourning and Death $eSpecters of the Past /$fby Sarah Julius 205 $a1st ed. 2021. 210 1$aCham :$cSpringer International Publishing :$cImprint: Palgrave Macmillan,$d2021. 215 $a1 online resource (206 pages) 225 1 $aAdaptation in Theatre and Performance,$x2947-4051 311 08$a9783030847739 311 08$a303084773X 327 $a1. Introduction: Re-performance Now: Loss, Adaptation and Survival -- 2. Chapter One: Re-performance, Death, Mourning and Survival: A Theoretical Discourse -- 3. Chapter Two: Abjection and Memorial: Death and Finitude -- 4. Chapter Three: Adaptation, Echoes, Traces and Remains -- 5. Chapter Four: Loss and Mourning -- 6. Chapter Five: Re-performance, Adaptation, Legacy and the Future -- 7. Chapter Six: Mourning and Memorial -- 8. Conclusion: Adaptation, Afterlives, Survival and Re-performance. 330 $aThis book examines the recent trend for re-performance and how this impacts on the relationship between live performance and death. Focusing specifically on examples of performance art the text analyses the relationship between performance, re-performance and death, comparing the process of re-performance to the process of mourning and arguing that both of these are processes of adaptation and survival. Using a variety of case studies, including performances by Ron Athey, Julie Tolentino, Martin O'Brien, Sheree Rose, Jo Spence and Hannah Wilke, the book explores performances which can be considered acts of re-performance, as well as performances which examine some of the critical concerns of re-performance, including notions of illness, loss and death. By drawing upon both philosophical and performance studies discourses the text takes a novel approach to the relationship between re-performance, mourning and death. Sarah Julius completed her PhD at De Montfort University, UK, in February 2019, graduating in July 2019. During the completion of her thesis she presented her research at De Montfort University's Borderlines conference as well as at a postgraduate conference at Sapienza University of Rome, Italy. She also has experience teaching at De Montfort University as a visiting lecturer. 410 0$aAdaptation in Theatre and Performance,$x2947-4051 606 $aPerforming arts 606 $aTheater 606 $aAdaptation (Literary, artistic, etc.) 606 $aActors 606 $aCultural industries 606 $aSite-specific theater 606 $aTheatre and Performance Arts 606 $aAdaptation Studies 606 $aApplied Theatre 606 $aPerformers and Practitioners 606 $aTheatre Industry 606 $aSite-Specific Performance 615 0$aPerforming arts. 615 0$aTheater. 615 0$aAdaptation (Literary, artistic, etc.) 615 0$aActors. 615 0$aCultural industries. 615 0$aSite-specific theater. 615 14$aTheatre and Performance Arts. 615 24$aAdaptation Studies. 615 24$aApplied Theatre. 615 24$aPerformers and Practitioners. 615 24$aTheatre Industry. 615 24$aSite-Specific Performance. 676 $a791.01 676 $a791.01 700 $aJulius$b Sarah$01072011 801 0$bMiAaPQ 801 1$bMiAaPQ 801 2$bMiAaPQ 906 $aBOOK 912 $a9910508465403321 996 $aRe-Performance, Mourning and Death$92568157 997 $aUNINA